Sports Quiz

Random Sports or Basketball Quiz

Atlantic 10 Quiz Stats

 Plays Quiz Updated Dec 7, 2018

Support Sporcle.
Go Orange.
Score 0/28 Timer 05:00
7 Plays Today
% Correct
Dayton
67.9%
Rhode Island
64.4%
Saint Joseph's
64.3%
Virginia Commonwealth
61.1%
Massachusetts
60.2%
Rams
59.1%
Flyers
57.8%
Rams
57.2%
Rams
57.2%
Richmond
56.1%
Fordham
51.5%
St. Bonaventure
51.2%
Saint Louis
50.8%
Davidson
50.6%
% Correct
Spiders
49.9%
George Washington
49.6%
George Mason
49.6%
Hawks
48.7%
La Salle
48.7%
Wildcats
47.9%
Minutemen
47.8%
Duquesne
47.4%
Bonnies
39.9%
Patriots
38.3%
Dukes
36.5%
Billikens
35.3%
Colonials
34.4%
Explorers
33.8%

From the Vault

5-Letter Countries: 2nd & 4th Letter

by manonthemoon

All other letters need not apply.
Remove Ads.
Support Sporcle.
Get the best of Sporcle when you Go Orange. This ad-free experience offers more features, more stats, and more fun while also helping to support Sporcle. Thank you for becoming a member.

Show Comments

Extras

Top Quizzes Today


Score Distribution

Your Account Isn't Verified!

In order to create a playlist on Sporcle, you need to verify the email address you used during registration. Go to your Sporcle Settings to finish the process.

Report this User

Report this user for behavior that violates our Community Guidelines.

Details: